Library Banner

Principles and practice of fertility preservation/ (Record no. 86751)

MARC details
000 -LEADER
fixed length control field 00528nam a2200193Ia 4500
001 - CONTROL NUMBER
control field 73607
008 - FIXED-LENGTH DATA ELEMENTS--GENERAL INFORMATION
fixed length control field 160804s9999||||xx |||||||||||||| ||und||
020 ## - INTERNATIONAL STANDARD BOOK NUMBER
International Standard Book Number 9780521196956
040 ## - CATALOGING SOURCE
Transcribing agency PK-LaUMT
082 ## - DEWEY DECIMAL CLASSIFICATION NUMBER
Classification number 612.6
Item number PRI-
100 ## - MAIN ENTRY--PERSONAL NAME
Personal name Donez, Jacques
245 ## - TITLE STATEMENT
Title Principles and practice of fertility preservation/
Statement of responsibility, etc Donez, Jacques|Kim, S. Samuel
260 ## - PUBLICATION, DISTRIBUTION, ETC. (IMPRINT)
Place of publication, distribution, etc Cambridge:
Name of publisher, distributor, etc Cambridge University Press,
Date of publication, distribution, etc 2011
300 ## - PHYSICAL DESCRIPTION
Extent 517 p.
546 ## - LANGUAGE NOTE
Language note EN
650 ## - SUBJECT ADDED ENTRY--TOPICAL TERM
Topical term or geographic name as entry element Human reproduction
700 ## - ADDED ENTRY--PERSONAL NAME
Personal name Kim, S. Samuel
942 ## - ADDED ENTRY ELEMENTS (KOHA)
Koha item type Books
Holdings
Withdrawn status Lost status Damaged status Not for loan Home library Current library Date acquired Total Checkouts Full call number Barcode Date last seen Price effective from Koha item type
        UMT Health Sciences Campus UMT Health Sciences Campus 2016-04-08   612.6 PRI- 100708 2016-08-04 2016-08-04 Books